[Event "GER-chT North U14 Girls"]
[Site "Guestrow"]
[Date "2012.09.07"]
[Round "1.4"]
[White "Mushket, Aleksandra"]
[Black "Schroback, Vanessa"]
[Result "1-0"]
[WhiteElo "913"]
[BlackElo "752"]
[PlyCount "83"]
[EventDate "2012.09.07"]
[EventType "team-swiss"]
[EventRounds "5"]
[EventCountry "GER"]
[SourceTitle "EXT 2015"]
[Source "ChessBase"]
[SourceDate "2014.11.20"]
[SourceVersion "1"]
[SourceVersionDate "2014.11.20"]
[SourceQuality "1"]
[WhiteTeam "Luebeck"]
[BlackTeam "Ruedersdorf"]
[WhiteTeamCountry "GER"]
[BlackTeamCountry "GER"]

1. e4 e5 2. Nf3 Nc6 3. Bb5 a6 4. Bxc6 dxc6 5. Nc3 Bd6 6. d4 exd4 7. Nxd4 Nf6 8. 0-0 h6 9. Re1 Bb4 10. a3 Ba5 11. Bf4 0-0 12. e5 Nd5 13. Bd2 c5 14. Nxd5 Bxd2 15. Qxd2 cxd4 16. Nf4 c5 17. c3 dxc3 18. Qxd8 Rxd8 19. bxc3 Bf5 20. h3 Rd2 21. Red1 Rad8 22. Rxd2 Rxd2 23. g4 Be4 24. Re1 Bc6 25. Re3 Rd1+ 26. Kh2 Rf1 27. Kg3 g5 28. Nh5 Rg1+ 29. Kh2 Rg2+ 30. Kh1 Rxf2+ 31. Kg1 Rd2 32. Nf6+ Kh8 33. e6 Kg7 34. Nh5+ Kg8 35. e7 Be8 36. Nf6+ Kg7 37. Nxe8+ Kg6 38. Nc7 Rd7 39. e8Q Rxc7 40. Rf3 h5 41. Qg8+ Kh6 42. Rf6# 1-0

[Event "GER-chT U14 Girls"]
[Site "Arendsee"]
[Date "2011.12.29"]
[Round "5.4"]
[White "Schneider, Anna"]
[Black "Mushket, Aleksandra"]
[Result "1-0"]
[WhiteElo "964"]
[BlackElo "800"]
[PlyCount "89"]
[EventDate "2011.12.27"]
[EventType "team-swiss"]
[EventRounds "7"]
[EventCountry "GER"]
[SourceTitle "EXT 2022"]
[Source "ChessBase"]
[SourceDate "2021.10.06"]
[SourceVersion "1"]
[SourceVersionDate "2021.10.06"]
[SourceQuality "1"]
[WhiteTeam "Lahnstein Turm U14 Girls"]
[BlackTeam "Luebeck SV U14 Girls"]
[WhiteTeamCountry "GER"]
[BlackTeamCountry "GER"]

1. e4 e5 2. Nf3 Nc6 3. Bc4 h6 4. d3 Nf6 5. Be3 Bd6 6. Nc3 Bb4 7. 0-0 d6 8. Nd5 Bc5 9. h3 0-0 10. c3 Be6 11. Nxf6+ Qxf6 12. Bxe6 Qxe6 13. Qd2 Bxe3 14. Qxe3 Rad8 15. d4 d5 16. Rad1 dxe4 17. Qxe4 Rfe8 18. d5 Qg6 19. Qxg6 fxg6 20. dxc6 bxc6 21. Rxd8 Rxd8 22. Nxe5 Rd6 23. Re1 Re6 24. Re3 g5 25. Nc4 Rg6 26. Re7 h5 27. g4 hxg4 28. hxg4 Rf6 29. Ne3 Rd6 30. Rxc7 Rd2 31. Rxc6 Rxb2 32. Ra6 Rc2 33. Nxc2 Kh7 34. Rxa7 Kh6 35. c4 g6 36. Ra8 Kh7 37. c5 Kg7 38. c6 Kf7 39. c7 Ke6 40. c8Q+ Ke5 41. Qc4 Kf6 42. Qc5 Ke6 43. Ra6+ Kf7 44. Qc7+ Ke8 45. Ra8# 1-0